000 00513 a2200133 4500
082 _aMS-IT-7
100 _aSohail Khan
_972864
245 _aIdentity management architecture for electronic government processes in Pakistan
_cSohail Khan
260 _aIslamabad:
_bNUST School of Electrical Engineering & Computer Science,
_c2010.
300 _aix, 87 p. :
_bill. ;
_c27 cm.
500 _aSupervisor : Dr. Amir Hayat.
856 _uhttp://10.250.8.41:8080/xmlui/handle/123456789/31870
942 _cPR
_kMS-IT- 7 SOH
_2ddc
999 _c10155
_d10155